00605nam a2200205Ia 450000500170000000800410001702000180005804000180007604100080009408200200010211000360012224500450015825000120020326000440021530000270025965000430028665000230032965000210035265000260037320220714154952.0210716s2009 xx 000 0 und d a978812970787X cAIMIT LIBRARY aeng a003.5521bINTR aITL Education Solutions Limited aIntroduction to information technology / a1st ed. aNew Delhi :bPearson Education ,c2009. axviii,648 p. ;c25 cm. aComputer organisation and architecture aInput output media aOperating system aMultimedia essentials